| 000 | 00928nam a2200277 a 4500 | ||
|---|---|---|---|
| 001 | 000025323 | ||
| 005 | 20200930023716.0 | ||
| 008 | 110214s1993 sp r 000 0 spa d | ||
| 020 | _a8474612241 (o. c.) | ||
| 020 | _a8474612225 (v.1) | ||
| 020 | _a8474612233 (v.2) | ||
| 040 |
_aDO-SdBNP _bspa _cBNPHU |
||
| 082 |
_a853.15 _bB664d |
||
| 100 | 1 |
_aBoccacio, Giovanni, _d1313-1375 _951863 |
|
| 245 | 1 | 3 |
_aEl decamerón / _cGiovanni Boccaccio. |
| 260 |
_aMadrid, (España) : _bPromoción y Ediciones Club Internacional del Libro, _c[1993]. |
||
| 300 |
_av. ; _c17 cm. |
||
| 490 | 1 | _aGrandes genios de la literatura universal | |
| 500 | _aLa biblioteca sólo posee el volumen 1 y 2. | ||
| 650 | 4 |
_aNovela italiana _94322 |
|
| 650 | 4 |
_aLiteratura italiana _93329 |
|
| 650 | 4 |
_aNovela social italiana _951864 |
|
| 650 | 4 |
_aNovela juvenil _91502 |
|
| 830 | 0 |
_aGrandes genios de la literatura universal _97077 |
|
| 049 | _aBNGR | ||
| 999 |
_c24815 _d24815 |
||